Normal view
MARC view
- Hafiz Ahmad Bilal
Entry Personal Name
001 - CONTROL NUMBER
- control field: 15592
003 - CONTROL NUMBER IDENTIFIER
- control field: NUST
005 - DATE AND TIME OF LATEST TRANSACTION
- control field: 20190626060939.0
008 - FIXED-LENGTH DATA ELEMENTS
- fixed length control field: 190626|| aca||aabn | a|a d
040 ## - CATALOGING SOURCE
- Original cataloging agency: NUST
- Transcribing agency: NUST
100 ## - HEADING--PERSONAL NAME
- Personal name: Hafiz Ahmad Bilal
670 ## - SOURCE DATA FOUND
- Source citation: Work cat.: (NUST): Hafiz Ahmad Bilal, Production Management Using Lean Principle (OBEYA)/, 2015.
